000 00488cam a22001934a 4500
005 20250605164308.0
008 250528s ||||||||||||||||||||||||d
035 _a22367
020 _a9789601610283
040 _aGR-AtMCL
_bgre
_dGR-AtMCL
_eAACR2
245 1 _aΕΙΣΑΓΩΓΗ ΣΤΗ ΓΝΩΣΤΙΚΗ ΘΕΡΑΠΕΙΑ
250 _a3
260 _bΠατάκης,
_c2000
300 _a430
700 1 _aBeck Judith S.
_9148
942 _cBK
999 _c7420
_d7420